000 00428nam a2200145 a 4500
001 000036207
005 20200930074945.0
008 120111s2011 rd 000 0 spa d
020 _a9789945408591
040 _aDO-SdBNP
_bspa
_cBNPHU
100 1 _aPeguero, Ángel Bienvenido
_962269
245 1 0 _aMemorias de un pueblerino /
_cÁngel Bienvenido Peguero.
260 _aSanto Domingo :
_bArgos,
_c2011.
300 _a137 p. ;
_c22 cm.
999 _c35698
_d35698